| 000 | 00805nam a2200229 a 4500 | ||
|---|---|---|---|
| 001 | 4997 | ||
| 003 | CDMR | ||
| 005 | 20131212133543.0 | ||
| 008 | 130130s1994||||||||||||||||||||||||||||d | ||
| 020 | _a8487981089 | ||
| 040 |
_aCDMR _bcat _cCDMR |
||
| 245 | 0 | 3 |
_aLa aldea Babel _b: medios de comunicación y relaciones Norte-Sur _cManuel Vazquez Montalbán...[et al.] ; edición de Carmen Pérez Babot |
| 260 |
_aBarcelona _c1994 _bDeriva |
||
| 300 |
_a160 p ; _c20 cm |
||
| 490 | 0 |
_aIntermón _v3 |
|
| 650 | 0 | 4 |
_aMitjans de comunicació de massa _xAspectes socials _92757 |
| 650 | 0 | 4 |
_aMitjans de comunicació de massa _94405 _zPaïsos en vies de desenvolupament |
| 650 | 0 | 4 |
_aNord i Sud _93832 |
| 700 | 1 |
_aPérez Babot, Carmen _eed. lit. _92758 |
|
| 700 | 1 |
_aVázquez Montalbán, Manuel _9766 |
|
| 942 |
_cMON _2udc |
||
| 999 |
_c4997 _d4997 |
||